000 00572pam a2200229 a 4500
001 2404193
005 20180314090019.0
008 860107s1986 nyua b 001 0 eng
010 _a 86001031
020 _a0896596540
040 _aDLC
_cDLC
_dDLC
041 _aeng
043 _an-us---
080 _a759.13 CHR
082 0 0 _a759.13 CHR
_219
100 1 _a42
101 _aART
245 1 0 _aAmerican watercolors /
_cChristopher Finch.
504 _aBibliography: p. [306]-307.
906 _a7
_bcbc
_corignew
_d1
_eocip
_f19
_gy-gencatlg
942 _2ddc
_cBK
999 _c45033
_d45033